Statistics for Towns in Finland - Anagrams

Click here to take the quiz!

General Stats

  • This quiz has been taken 345 times
  • The average score is 4 of 15

Answer Stats

HintAnswer% Correct
antavaVantaa
94%
alintaanNaantali
56%
mievaroinRovaniemi
52%
raamitImatra
44%
sonninlavaSavonlinna
37%
haiolenHeinola
24%
kelasiLieksa
19%
keinunainaKauniainen
18%
pihasaveaHaapavesi
17%
kiskojunaJuankoski
17%
ukkiohjaaKauhajoki
16%
soriarpeaRaasepori
13%
oisjokunenSuonenjoki
13%
iskeruuviKiuruvesi
12%
lokkisekavaValkeakoski
11%

Score Distribution

Percentile by Number Answered

Percent of People with Each Score

Your Score History

You have not taken this quiz